| 000 | 00529nam a2200193Ia 4500 | ||
|---|---|---|---|
| 003 | IIN | ||
| 005 | 20240125112307.0 | ||
| 008 | 231217s9999 xx 000 0 und d | ||
| 020 |
_cRs.795.00 _a9788123924298 |
||
| 040 |
_aIIN _bEnglish |
||
| 082 |
_a610.73 _bTHA |
||
| 100 | 1 | _aThresyamma, C.P. | |
| 245 | 1 |
_aBasic Nursing Procedure Manual and Essentials _cC.P. Thresyamma |
|
| 260 |
_bCBS _aNew Delhi _c2014 |
||
| 300 | _a[14], 3-619 p. | ||
| 650 | 1 |
_aFoundation _vNursing |
|
| 650 | 1 |
_aProcedure _vNursing |
|
| 942 | _cBOOK | ||
| 999 |
_c1299 _d1299 |
||